00722nam a2200205Ia 4500008004100000082002600041100003000067245006400097260002100161260002800182260000900210300001000219500004300229650003500272650002400307650001200331942001500343999001700358952014100375260312s9999 xx 000 0 und d a331.01 A594p 1959 HNA aEditorial Porrúa935138 0aEl problema del trabajo: ensayo de filosofía económica. aClub de lectores bBuenos Aires, Argentina c1959 a332p. aColección Humberto Nogueira Alcalá aFilosofía del trabajo935139 aTrabajadores911100 aTrabajo 2ddccLIBRO c19962d19962 00102ddc40708CGaBCbBCd2025-08-30eDonación Humberto Nogueiral0o331.01 A594p 1959 HNAp27443r2026-04-16t1w2026-04-16yLIBRO